Wo bist du? - Statistiken

Allgemein
  • Dieses Quiz wurde 47 mal gespielt
  • Das Durchschnittsergebnis liegt bei 10 aus 16
Antwortstatistiken
Bildquiz Antwort % Korrekt
Deutschland
100%
Vereinigte Staaten
95%
Australien
75%
Kanada
75%
Schweden
75%
Norwegen
70%
Dänemark
68%
Italien
64%
Neuseeland
64%
Chile
59%
Kolumbien
57%
China
55%
Peru
55%
Japan
50%
Senegal
32%
Albanien
18%
Keine übereinstimmenden Quizze gefunden
Verteilung der Resultate
Anzahl Personen mit jedem Resultat
Perzentil nach korrekt beantworteten Fragen
Ihre Resultats-Entwicklung
Sie haben dieses Quiz noch nicht gespielt